000 01752nac a22002891u 4500
008 091108t xxu||||| |||| 00| 0 eng d
010 _a2003065001
020 _a9780471448785
082 0 0 _a621.3813
_bPOZ
100 _aPozar, David M.
_99219
245 1 0 _aMicrowave Engineering /
_cDavid M. Pozar.
250 _a3rd ed.
260 _aHoboken, NJ :
_bJ. Wiley,
_cc2005.
300 _axvii, 700 p. :
_bill. ;
_c26 cm.
504 _aIncludes bibliographical references and index.
650 0 _aMicrowaves.
_99220
650 0 _aMicrowave devices.
_99221
650 0 _aMicrowave circuits.
_99222
856 4 2 _3Publisher description
_uhttp://www.loc.gov/catdir/description/wiley041/2003065001.html
856 4 2 _3Table of contents
_uhttp://www.loc.gov/catdir/toc/wiley041/2003065001.html
942 _cBB
_k621.3813POZ
_2ddc
999 _c956
_d956